000 00280nam a2200121 i 4500
001 bg
245 0 _aMetody isseldowanija dinamiczeskich sistem na EWM.
260 _aMoskwa,
_c1984.
040 _cBPK
041 _apol
942 _cKS
008 s pl f |000 0 pol
999 _c22901
_d22901
856 _uhttp://koha.tu.koszalin.pl/cgi-bin/koha/opac-detail.pl?biblionumber=22901
_yKatalog online BPK